[Event "Olympiad-37"]
[Site "Turin"]
[Date "2006.05.24"]
[Round "4"]
[White "Sveshnikov, Evgeny"]
[Black "Fedorov, Alexei"]
[Result "1/2-1/2"]
[WhiteElo "2524"]
[BlackElo "2614"]
[Annotator "Rogozenco,D"]
[PlyCount "68"]
[EventDate "2006.05.21"]
[EventType "team-swiss"]
[EventRounds "13"]
[EventCountry "ITA"]
[SourceTitle "CBM 113"]
[Source "ChessBase"]
[SourceDate "2006.07.31"]
[SourceVersion "1"]
[SourceVersionDate "2006.07.31"]
[SourceQuality "1"]
[WhiteTeam "Latvia"]
[BlackTeam "Belarus"]
[WhiteTeamCountry "LAT"]
[BlackTeamCountry "BLR"]

1. e4 c5 2. c3 Nf6 3. e5 Nd5 4. Nf3 Nc6 5. d4 cxd4 6. Bc4 Nb6 7. Bb3 g6 8. Ng5
d5 {Other continuations offer White a strong initiative.} (8... Nxe5 9. Qxd4 (
9. Bf4 $5 $36) 9... f6 (9... Bg7 10. Bxf7+ Kf8 11. Ne6+ $18) 10. Qxe5 $1 d5 11.
Qe2 fxg5 12. Bxg5 Bg7 13. Na3 $36) (8... e6 $6 9. cxd4 $16) 9. exd6 e6 10. Qf3
({After} 10. Ne4 Bxd6 {in practice White failed to prove sufficient
compensation for the pawn.} (10... Bg7 11. O-O O-O 12. Re1 Kh8 13. Na3 a5 14.
cxd4 a4 15. Bc4 Nxc4 16. Nxc4 $16 b5 17. Ne5 Nxe5 18. dxe5 Bxe5 19. Bg5 f6 20.
Bh6 Rf7 21. Ng5 Rd7 22. Nxe6 Qb6 23. Nc7 $1 (23. Rxe5 fxe5 24. Bf8 $4 (24. Nc7
Bb7 25. Nxa8 Bxa8 26. Rc1 Bb7 27. Qe2 Qxd6 28. Qxb5 $14) 24... Rf7 $19 {
0-1 Jonkman,H (2310)-Aagaard,J (2420)/Groningen 1998 (28)}) 23... Rb8 24. Rxe5
fxe5 25. Qd5 Qxd6 26. Bg7+ $1 $18) (10... h6 $5)) 10... f6 {A rare, but
interesting move, especially since in other lines Black experiences some
problems.} ({The main line goes} 10... Ne5 {here although White can claim a
slight advantage:} 11. Qe4 (11. Qg3 {is also good:} Bxd6 (11... Bg7 12. O-O O-O
(12... Qxd6 13. Rd1 $36) 13. cxd4 (13. Qh3 h6 14. Ne4 f5 15. cxd4 Nf7 16. Nc5
Qxd6 $15) 13... Nc6 14. Rd1 h6 (14... Bxd4 $2 15. Rxd4 Nxd4 16. Qh4 Ne2+ 17.
Kf1 h5 18. Kxe2 $18) 15. Nf3 (15. Ne4 $5 Nxd4 16. Nbc3 Nxb3 17. axb3 $13) 15...
Na5 16. Bc2 Bd7 (16... Nac4 17. b3 Nxd6 18. Ba3 $1) 17. Ne5 Rc8 18. Be4 $36 {
1-0 Skytte,R (2366)-Gladyszev,O (2388)/Millfield School 2002 (69)}) 12. Ne4 (
12. O-O Nc6 (12... Nec4 $5) 13. Bf4 Bxf4 14. Qxf4 O-O 15. Nd2 (15. Rd1 e5 16.
Nxf7 Qc7 17. Ng5+ Kg7 18. Qg3 Rf4 19. f3 Bd7 20. Na3 Rd8 21. Nb5 Qb8 22. Be6
$14 {Rozentalis, Harley}) 15... Kg7 16. Nde4 e5 $15 {0-1 Acs,P (2410)-Solak,D 
(2435)/Rimavska Sobota 1996(48)}) 12... Nec4 (12... Bc7 $2 13. Bg5 $18) 13. Qd3
(13. Nxd6+ Qxd6 14. Bf4 e5 15. Bh6 $13 {0-1 Rabiega,R (2524)-Van Wely,L (2680)/
Internet blitz 2004 (26)}) 13... Ne5 (13... Qc7 $2 14. Bxc4 Nxc4 15. Qxc4 $18 {
1-0 Georgiadis,I (2129)-Valden,P (2204)/Athens 2004(35)}) 14. Qg3 Nec4 15. Qd3
Ne5 16. Qxd4 Bc7 17. Bg5 Qxd4 (17... Nd3+ 18. Ke2 Qxd4 19. cxd4 Nf4+ 20. Kf3 {
'+/='} Nfd5 21. Nf6+ Nxf6 22. Bxf6 O-O {Georgiadis,I (2038)-Zawadzka,J (2272)/
Aghia Pelagia 2004 was about equal.}) 18. cxd4 Nc6 (18... Nd3+ 19. Ke2 Nf4+ (
19... Nxb2 $2 20. Rc1 $44) 20. Kf3 $14) 19. Nf6+ Kf8 20. Bh6+ Ke7 21. Bg7 Rd8
22. Nxh7 Nd7 23. d5 Be5 24. Bxe5 Ncxe5 25. dxe6 Nd3+ 26. Ke2 Nf4+ 27. Ke3 Nxg2+
28. Kf3 Nh4+ 29. Kg4 Nc5 30. Kxh4 Rh8 31. exf7 {1/2-1/2 Zhigalko,S (2460)
-Khairullin,I (2455)/Chalkidiki 2003/EXT 2004}) 11... Bg7 12. cxd4 Nec4 13. Nf3
(13. d5 $6 Nxd6 14. Qe2 Nxd5 15. O-O O-O 16. Rd1 Nf5 $15 {1/2-1/2 Perez,
L-Roeder,M/Santa Clara 2000/ (22)}) (13. O-O Nxd6 14. Qf4 (14. Qe2 O-O 15. Rd1
Bd7 16. Nc3 Nf5 17. Nf3 Bc6 18. Be3 Nd5 19. Rac1 Qd6 $15 20. Ne4 Nf4 $1 21. Qd2
Nh3+ 22. gxh3 Bxe4 $17 {0-1 Pedersen,D-Cao Sang/Budapest 1996 (42)}) (14. Qd3
O-O 15. Rd1 $11) 14... O-O 15. Nc3 Nf5 16. Rd1 Bd7 17. Nf3 Bc6 18. Ne5 Nd5 (
18... Bd5 19. Nxd5 Nxd5 20. Qe4 Rc8 21. Bd2 Qd6 22. Nf3 Rc7 $15 {/= 1/2-1/2
Lane,G-Ikonnikov,V/Antwerp 1999 (46)}) 19. Qg4 Nf6 20. Qf4 Rc8 21. Nxc6 bxc6
22. Be3 Nd5 $11 {0-1 Khamrakulov,I (2416)-Fominyh,A (2582)/Linares 2001 (55)})
(13. Qd3 Nxd6 14. O-O O-O 15. Rd1 $11) 13... Nxd6 14. Qe2 Nf5 15. Bg5 $1 Qd6 (
15... Nxd4 16. Bxd8 Nxe2 17. Bxb6 axb6 18. Kxe2 Bxb2 19. Nbd2 Bxa1 20. Rxa1 $14
) 16. Nc3 O-O (16... Nxd4 17. Nxd4 Bxd4 (17... Qxd4 $2 18. Rd1 $18) 18. Rd1 $44
(18. O-O-O $5)) 17. Ne4 (17. Rd1 Bd7 18. O-O Bc6 $10 19. Ne4 Bxe4 20. Qxe4 Nd5
{1/2-1/2 Certic,B (2440)-Matulovic,M (2435)/Beograd 1996}) 17... Qb4+ 18. Bd2
Qe7 19. a3 Rd8 20. Bg5 f6 21. Bd2 Nd5 22. O-O $14 {1/2-1/2 Demkovich An.
-Morokhin Y/Ukraine 1999 (54)}) (10... f5 {is inferior:} 11. O-O Bxd6 (11...
Qxd6 12. Bf4 $36) 12. Re1 Qc7 13. Nxe6 Bxe6 14. Rxe6+ Kd7 15. Na3 a6 (15...
Bxa3 $2 16. Bf4 $18) 16. Bg5 Rae8 17. Rae1 $36) 11. Nxe6 ({Curiously,} 11. Bxe6
Bxd6 {is good for Black:} (11... Ne5 $2 12. Qe4 $1) 12. Nf7 ({or} 12. O-O Ne5)
12... Qe7 13. Nxd6+ Qxd6 $15) 11... Bxe6 12. Bxe6 Bxd6 13. O-O ({Most likely
White should try to find an advantage after} 13. Qh3 {The only game with this
move was won by Black, but the analysis below shows that White's prospects
were preferable:} f5 (13... dxc3 $6 14. Nxc3 $32) 14. O-O Qf6 (14... Qe7 15.
Re1 Ne5 (15... Nd8 $2 16. Bd7+ $1 $18) 16. cxd4 Qxe6 17. dxe5 O-O 18. Nd2 $16)
15. Re1 Kd8 ({Probably better is} 15... Be5 {with a double-edged position. For
instance:} 16. cxd4 Nxd4 17. Bb3 O-O-O 18. Nc3 $13) 16. Bb3 Kd7 17. Bd2 (17.
Re6 $2 Rae8 $1 $15) (17. Nd2 $5 {[%cal Gd2e4]} Kc7 (17... Rae8 18. Ne4 Kc7 19.
Bg5 $16) 18. Nf3 dxc3 (18... Rae8 19. Bg5 Qg7 20. Qh4 $16) 19. Bg5 Qg7 20. bxc3
Rae8 21. Qh4 $36) (17. cxd4 $5 {Chekhov}) 17... Rae8 18. Rxe8 (18. Na3 $5 Bxa3
19. bxa3 $40) 18... Rxe8 19. cxd4 (19. Qxh7+ Re7 $44) 19... Nxd4 20. Nc3 h5 21.
Qd3 Kc8 22. Be3 Bc5 (22... Nxb3 23. axb3 $36) 23. Nb5 $1 (23. Nd5 Nxd5 24. Bxd5
$13 {0-1 Filipovic,B (2410)-Cabrilo,G (2470)/Jugoslavija 1995 (59)}) 23... Nxb3
24. axb3 $16) 13... Bxh2+ $1 (13... Qe7 14. Re1 Ne5 15. Qh3 dxc3 16. Re2 $1
cxb2 17. Bxb2 $36) 14. Kxh2 $5 $146 {Sveshnikov tries to improve on the
existing theory.} ({The previously played} 14. Kh1 {is double-edged:} Qd6 15.
Bb3 Be5 $13 {1/2-1/2 Ragger,M (2431)-Dourerassou,J (2348)/Mureck 2004 (39)})
14... Qd6+ 15. Bf4 Qxe6 16. cxd4 O-O $1 {A safe decision - Black is in time to
blockade the d-pawn, after which he can even play for more than equality.} (
16... Nxd4 17. Qxb7 O-O ({Dangerous, although rather unclear looks} 17... Nc2
18. Nc3 Nxa1 19. Qg7 Rg8 20. Qxh7) 18. Nc3 Qg4 19. Be3 {is slightly better for
White, since after} Nc2 {White has} 20. Bxb6 Nxa1 $140 $2 (20... axb6 21. Rad1
$14) 21. Be3 Nc2 22. Qb3+ $18) 17. Nc3 Rfd8 (17... Nxd4 18. Qxb7 Qg4 {leads to
the above-mentioned variation, see 16...Nxd4.}) 18. Rad1 Nd5 19. Rfe1 ({
Nothing brings} 19. Bg3 Nce7 20. Rfe1 Qf7 21. Nb5 {due to the simple} Nf5 {
and Black is by no means worse.}) 19... Qf5 {The position is balanced.} 20.
Nxd5 {Sveshnikov has in mind an unexpected pawn sacrifice, which, however
shows that he rather disliked his position.} ({White could still keep the
pressure with} 20. Re4 {and Black must be accurate:} h5 $5 (20... g5 $6 {
just creates unnecessary weaknesses:} 21. g4 Qg6 22. Bg3 $16) (20... Rac8 $2
21. g4 Qd7 22. Nxd5 Qxd5 23. Re8+ $18) (20... Kg7 21. Rde1 Rac8 22. Qg3 $13)
21. Rde1 g5 22. Qd3 $1 Kg7 (22... Nxd4 23. Bc1 Nb6 24. Qd1 Nc6 25. Qxh5 Qh7 26.
Qxh7+ Kxh7 $11) 23. Bc1 $13) 20... Rxd5 (20... Qxd5 $2 21. Re8+ $19) 21. Re5 $5
{Otherwise White is worse.} Rxe5 $8 (21... fxe5 $2 22. Qxd5+ $16) 22. dxe5 fxe5
({The endgame after} 22... Nxe5 23. Qd5+ Kh8 24. Bxe5 Qxe5+ 25. Qxe5 fxe5 26.
Rd7 {is slightly better for White, who will regain the pawn and have a more
active king.}) 23. Qd5+ Kh8 24. Bg3 Re8 (24... e4 $6 25. Qxf5 gxf5 26. Rd7 $44
{/+/-}) 25. f3 Kg7 ({Black could try to play for a win only with} 25... e4 $5
26. fxe4 Qxe4 ({After} 26... Rxe4 27. Qxf5 gxf5 {the dominance of the bishop
over the knight is enough to achieve a draw.} 28. Rd7 ({or} 28. Rf1 Re2 29.
Rxf5 Rxb2 30. Rf7 Kg8 31. Rc7 $44) 28... Re7 (28... Rb4 $2 29. Be1 $1) (28...
b6 29. Rf7 Re2 30. Bf4 $1 $11 Rxb2 $140 $4 31. Bh6 $18) 29. Rd5 Rf7 30. Be1 $1
$44) (26... Qxd5 $2 27. exd5) 27. Qd7 Qe7 (27... Rd8 $2 28. Qf7 $1) (27... Re7
$2 28. Qc8+ Kg7 29. Rf1 $36)) (25... Rd8 $4 26. Bxe5+ $18) 26. b4 $1 {In time
to disturb the unstable position of Black's knight.} Rd8 {Fedorov forces the
draw since Black is not able to make progress against White's powerful pieces.}
(26... e4 $6 27. b5 $36) (26... a6 27. a4 $11) 27. Bxe5+ Kh6 28. Bd6 {The only
move, but enough to draw.} Qxd5 29. Rxd5 g5 $11 (29... Nxb4 $4 30. Bf4+ $18)
30. b5 Ne7 31. Rd2 Nf5 32. Bb4 Rxd2 33. Bxd2 Nd6 34. a4 Nc4 1/2-1/2

[Event "WchT 6th"]
[Site "Beersheba"]
[Date "2005.11.10"]
[Round "9.3"]
[White "Ni, Hua"]
[Black "Morozevich, Alexander"]
[Result "0-1"]
[WhiteElo "2603"]
[BlackElo "2707"]
[Annotator "Rogozenco,D"]
[PlyCount "116"]
[EventDate "2005.11.01"]
[EventType "team-tourn"]
[EventRounds "9"]
[EventCountry "ISR"]
[SourceTitle "CBM 110"]
[Source "ChessBase"]
[SourceDate "2006.01.31"]
[SourceVersion "1"]
[SourceVersionDate "2006.01.31"]
[SourceQuality "1"]
[WhiteTeam "China"]
[BlackTeam "Russia"]
[WhiteTeamCountry "CHN"]
[BlackTeamCountry "RUS"]

1. e4 c5 2. Nf3 Nc6 3. c3 Nf6 4. e5 Nd5 5. d4 cxd4 6. cxd4 d6 7. Bc4 Nb6 8. Bb5
Bd7 {In this game from the last round Morozevich had to win, so he avoids the
main 8...dxe5, after which the position is much better studied and White can
easily achieve a draw in case of wish.} (8... dxe5 9. Nxe5 Bd7 10. Nxd7 (10.
Bxc6 Bxc6 11. Nxc6 bxc6 $11) 10... Qxd7 11. Nc3 $14 {/=}) 9. exd6 ({Another
possibility is} 9. Nc3 dxe5 (9... e6 10. O-O dxe5 (10... Nb4 $6 11. Bg5 Be7 12.
Ne4 $1 $40) 11. Nxe5 Nxe5 12. dxe5 Bxb5 13. Nxb5 a6 14. Nd6+ Bxd6 15. exd6 Nd5
16. Bf4 $1 $14) 10. dxe5 (10. d5 Nb4 11. Nxe5 Bxb5 12. Nxb5 g6 13. Qb3 N4xd5
14. Be3 e6 15. Bd4 Bg7 16. h4 O-O $17 {Sveshnikov,E-Zaid,L/USSR 1976}) 10... g6
$13) 9... e6 (9... exd6 10. O-O $14) 10. O-O (10. Bg5 Qb8 (10... f6 $13) 11.
Nc3 Bxd6 $11) (10. Bf4 a6 11. Be2 Qb8 12. Nc3 Bxd6 13. Be3 O-O $15 {0-1 Susak,
Z (2235)-Rezan,S (2421)/Omis 2005 (48)}) 10... Bxd6 $11 11. Nc3 Ne7 $146 {
Safely taking control over square d5 and thus making sure that White won't be
able to simplify with d4-d5.} (11... a6) (11... Nb4) ({After} 11... O-O {
White could play} 12. d5 exd5 13. Nxd5 Nxd5 14. Qxd5 $11) 12. Bd3 (12. Bxd7+
Qxd7 13. Ne5 Bxe5 (13... Qd8 14. Qf3 O-O (14... f6 15. Nd3 $14) 15. Qxb7 Nbd5
$44) 14. dxe5 Qxd1 15. Rxd1 Ned5 $11) 12... Bc6 13. Qe2 Nbd5 14. Rd1 O-O 15.
Ne5 Bxe5 {If Black plays for a win,this is a somewhat surprising decision,
which, however, unexpectedly worked out.} (15... Rc8 $11) 16. Qxe5 $2 {The
Chinese Grandmaster collapses under pressure and slowly goes down. One should
not forget the tremendous importance of the present game and the extremely
uncomfortable situation for Ni Hua, who had lost in the previous round after
having played an excellent tournament.} ({From all points of view} 16. dxe5 {
is stronger. Given the fact that 16...Nxc3 doesn't work for Black, White can
hardly ever lose such a position. Moreover, thanks to the space advantage his
prospects are slightly preferable.} Nxc3 $2 (16... Ng6 17. Nxd5 Qxd5 18. f4 $13
) 17. Bxh7+ Kxh7 18. Qh5+ Kg8 19. Rxd8 $18) 16... Qb6 17. Qh5 Ng6 18. Bxg6 (18.
Nxd5 Bxd5 19. b3 (19. Bxg6 fxg6 $5 (19... hxg6 $15) 20. Qe2 Rf5 $36) 19... Rac8
$15 (19... Qxd4 20. Qxh7+ Kxh7 21. Bxg6+ Kxg6 22. Rxd4 $11)) 18... hxg6 19. Qh4
Nxc3 (19... Rac8 $6 20. Rd3 $40) 20. bxc3 Qb5 21. Re1 Rac8 22. Qg3 (22. Re5 $2
Qd3 $19) (22. Re3 Qd5 $15) 22... Rfd8 23. h4 Qf5 24. Bf4 (24. Re5 Qc2 25. h5
gxh5 26. Bh6 (26. Rxh5 $2 Qd1+ $19) (26. Rg5 Qh7 $17) 26... Qh7 $17 27. Rxh5 $2
Qg6 $1 $19) 24... f6 25. a4 $6 Bd5 26. Bd6 $2 {White completely lost the
thread. After this blunder Black is practically winning.} (26. a5 $15) 26...
Bxg2 $1 27. Be7 (27. Kxg2 Qd5+ $17) 27... Rd7 28. Bxf6 Bd5 29. Be5 Rf7 30. Re3
a5 31. Rc1 (31. f4 Qc2 $19) 31... Rc4 32. f4 Rxa4 33. Qg5 b5 34. Qxf5 gxf5 35.
Kf2 Ra2+ 36. Re2 Ra3 37. Rb2 Rb3 38. Rxb3 Bxb3 39. Ke3 Rd7 40. Ra1 a4 41. Kd2
Ra7 42. Bd6 Ra6 43. Ba3 Kf7 44. Ke3 {The passive defence turned out to be not
enough. Perhaps more chances would have offered M.Notkin's suggestion 44.h5.} (
44. h5 Ra8 45. Rg1 Rh8 46. Rg5 Bd5 47. Ke2 $17) 44... Ra8 45. Kf2 Rh8 46. Rh1
Bd5 47. Rh3 Be4 48. Ke3 Rh6 $19 49. h5 (49. Kf2 Ke8 $19 {[%cal Ge8d7,Gd7c6,
Gc6d5,Gd5c4]}) 49... Ke8 {[%cal Gg7g6]} 50. Rg3 Rxh5 51. d5 (51. Rxg7 Rh3+ 52.
Kd2 Rd3+ $19) 51... g5 52. dxe6 (52. fxg5 e5 $19) (52. Rxg5 Rh3+ 53. Kd4 Rd3+
54. Ke5 Bxd5 $19) 52... g4 53. Kd4 Rh3 54. Rg1 g3 55. Ke5 g2 56. Rd1 Rh1 57.
Rd7 g1=Q 58. Bd6 Bc6 0-1

[Event "RUS-chT 09th Group2"]
[Site "Ekaterinburg"]
[Date "2002.05.20"]
[Round "4"]
[White "Kharlov, Andrei"]
[Black "Fedorov, Alexei"]
[Result "0-1"]
[WhiteElo "2633"]
[BlackElo "2598"]
[Annotator "Rogozenco,D"]
[PlyCount "128"]
[EventDate "2002.05.17"]
[EventType "team-tourn"]
[EventRounds "7"]
[EventCountry "RUS"]
[SourceTitle "CBM 090"]
[Source "ChessBase"]
[SourceDate "2002.09.20"]
[SourceVersion "1"]
[SourceVersionDate "2002.09.20"]
[SourceQuality "1"]
[WhiteTeam "Kazan Ladya"]
[BlackTeam "Maykop Universitet"]
[WhiteTeamCountry "RUS"]
[BlackTeamCountry "RUS"]

1. e4 c5 2. c3 Nf6 3. e5 Nd5 4. Nf3 Nc6 5. d4 cxd4 6. cxd4 d6 7. Nc3 dxe5 8.
dxe5 Nxc3 9. Qxd8+ Nxd8 10. bxc3 {The endgame is balanced. White's worse pawn
structure is compensated by his active possibilities on the b-file and by
strong pawn on e5. However, with inaccurate play White can easily be worse and
the present game proves it.} Bd7 11. Be3 g6 (11... e6 $11 {is the alternative
way of developing the bishop. Black continues with ...Rc8 and ...Bc5.}) 12. Nd4
Rc8 13. Kd2 {Traditionally in endgames the king can stay in the center. Here
White uses it for protecting the weakness on c3. But if the position will open,
the king might feel uncomfortable on the open central files.} Bg7 14. f4 O-O
15. Rb1 f6 $1 {A typical way to open up the position. It points out the
exposed position of white king on d2.} 16. exf6 $6 {After this move White will
suddenly be in trouble, having no active play at all.} (16. e6 $1 Bxe6 17. Nxe6
Nxe6 18. Rxb7 f5 19. Bd3 $1 (19. c4 Rfd8+ 20. Kc2 Rb8 $15) 19... Bxc3+ 20. Ke2
{and White consolidated. Black's extra pawn is of little importance, since
White has an active rook on b7 and is ready to bring the last piece into play 
(Rhc1 or Rhb1).}) 16... Rxf6 $1 {[%cal Gf6d6]} 17. Bd3 Rd6 18. Rhc1 a6 19. Ne2
Bc6 20. g3 Ne6 $1 (20... Bb5 21. Bd4 Bxd3 22. Kxd3 {and White holds.}) 21. Bd4
{White is forced to give up a pawn, since there is no defence against ...Rcd8.}
(21. Rd1 Rcd8 22. Nc1 Ba4 23. Re1 Bb5 $19) 21... Nxd4 22. cxd4 Bxd4 23. Nxd4
Rxd4 24. Ke3 Rcd8 25. Rc3 (25. Bxa6 Be4 $19) 25... Kg7 26. Re1 R8d6 {In the
final part of the game Alexey slowly, but very technically converts his
minimal material advantage into a win.} 27. a3 Kf6 28. Bc2 Rd2 29. Re2 Rxe2+
30. Kxe2 e5 31. Ke3 Re6 32. fxe5+ Kxe5 33. h4 {White is trying to reduce
material, thus increasing his drawing chances.} h6 34. Kd2 Rd6+ 35. Ke3 g5 {
The pawn on g6 was a permanent target for white bishop, so Black is rather
forced to trade one more pair of pawns.} 36. hxg5 hxg5 37. Bd3 a5 {In the next
part Fedorov proves that the trade of either rooks or bishops lead to an
winning endgame.} 38. Rc1 Rd4 39. Rc5+ Rd5 40. Rc3 Kd6 41. Rc2 Bb5 $1 42. Be4 (
{Trading bishops also looks problematic:} 42. Bxb5 Rxb5 43. Rc3 Rc5 $1 (43...
Ke5 $2 44. a4 Rd5 45. Rb3) (43... a4 44. Kd4 Rb3 (44... g4 45. Rc4 Rb3 46. Rxa4
Rxg3 47. Rb4 Kc6 48. Rc4+ Kb6 49. Rb4+ Kc7 50. Rc4+ Kb8 51. Kc5 Rg1 52. Kb6
Rb1+ (52... g3 53. Rg4 Kc8 54. Rg8+ Kd7 55. Kxb7 g2 56. Ka7 $11) 53. Kc5 g3 54.
Rg4 Rb3 55. a4 $11) 45. Rxb3 axb3 46. Kc3 Ke5 47. Kxb3 Ke4 48. Kb4 Kf3 49. Kb5
Kxg3 50. Kb6 g4 51. Kxb7 Kf4 52. a4 g3 53. a5 g2 54. a6 g1=Q 55. a7 $11) 44.
Rb3 b5 45. Ke4 Ke6 46. g4 Re5+ (46... Rc4+ 47. Kd3 $1) 47. Kd4 Kd6 48. Rb2 Rc5
49. Ke4 Kc6 50. Rb3 Kb6 $19 {and Black will create a passed pawn on the
queenside.}) 42... Rd1 43. Rc3 b6 44. Bf3 Rg1 45. Kf2 Rb1 46. Be4 Rb2+ 47. Ke3
Ke5 48. Bf3 Ba4 $1 {Now White cannot avoid trading rooks.} 49. Be2 Rb3 50. Rxb3
Bxb3 51. Bb5 Be6 52. Kd3 Bf5+ 53. Kc4 (53. Ke3 Kd5 54. Bf1 Kc5 55. Be2 b5 56.
Bf1 b4 57. axb4+ Kxb4 $19) 53... Bh3 54. Bc6 Bf1+ 55. Kc3 Kd6 56. Be4 Kc5 57.
a4 Bh3 58. Bc2 Kd5 59. Bd1 Ke4 60. Bc2+ Kf3 61. Kc4 Bd7 62. Kd5 Kxg3 63. Kd6
Bxa4 64. Bxa4 g4 0-1